| 000 | 00581nam a22001577a 4500 | ||
|---|---|---|---|
| 003 | ASAB | ||
| 005 | 20180827062834.0 | ||
| 008 | 180510t xxu||||| |||| 00| 0 eng d | ||
| 040 | _cASAB | ||
| 100 |
_aFaryal Mehwish Awan- Sup-Dr. Saadia Andleeb _93853 |
||
| 245 |
_aTH-MS-Mutational Analysis of Envelope Giycoprotein E2 of HCV Untreated and Treated Patients with iterferon-Ribavirin Therapy _cFaryal Mehwish Awan- Sup-Dr. Saadia Andleeb |
||
| 260 |
_aIslamabad _bASAB (NCVI) _c2012 |
||
| 300 |
_axvi, 76 P _b30 cm |
||
| 630 |
_aVirology and Immunology _93854 |
||
| 942 |
_2ddc _cTH |
||
| 999 |
_c480827 _d480827 |
||